Monasterio de Santa Catalina de Sena de Arequipa y Da. Ana de Monteagudo Priora (Registro nro. 3103)

Detalles MARC
000 -Cabecera
Campo de control interno 00477nam a2200181Ia 4500
005 - Fecha y hora del registro
control field 20260306144856.0
008 - Elementos de Longitud Fija
fixed length control field 260306t1985||||xx |||||||||||||| ||spa||
041 ## - Idioma
Codigo Idioma ESP
082 ## - DEWEY y NOTACIÓN INTERNA
Dewey 251.67
Notación Interna Z58
100 ## - AUTOR
Autor denominación Zegarra López, Dante E.
Término de relación autor
245 #0 - TÍTULO DE MATERIAL BIBLIOGRÁFICO
Título Monasterio de Santa Catalina de Sena de Arequipa y Da. Ana de Monteagudo Priora
260 ## - CIUDAD, EDITORIAL, AÑO
Año 1985
300 ## - DESCRIPCIÓN
N° Páginas 551 páginas
Dimensiones 24 cm.
650 ## - TEMAS
Temas Generalidades
654 ## - PROGRAMAS
Programa Dpto. de Humanidades
942 ## - ELEMENTOS DE KOHA
Tipo de documento Libro
Nombre del creador Justo Noguera
Código de catalogador Justo Noguera
Esquema de clasificación Dewey Decimal Classification
Suppress in OPAC
Existencias
Codigo completo Registro Colección Copia número Disponibilidad Tipo de préstamo Biblioteca Actual Procedencia (Biblioteca) Ubicacón Fecha Ingreso Tipo de Adquisición Date last seen Total checkouts Price effective from Tipo de Item Estado del Material Fuente de Clasificación Damaged status Withdrawn status
251.67 Z58 U0000429 Universidad Católica San Pablo 1 Disponible Disponible Víctor Andrés Belaunde Víctor Andrés Belaunde Planta baja abierta 03/06/2026 Compra 06/03/2026   06/03/2026 Libro Bueno Dewey Decimal Classification